000 00574nmm a2200193Ia 4500
008 251105s9999||||xx |||||||||||||||||und||
020 _a9788499188089
041 _aspa
100 _aArtal, Rosa Mª
245 0 _aEl relaxing café con leche y otros hitos de la marca España
264 _a[Madrid, España] :
_bRoca Editorial,
_c2013
300 _a94 páginas
490 _aEldiario.es
650 _aFolklore & Popular Culture
700 _aArtal, Rosa Mª
700 1 _a Baños, Antonio
856 _uhttps://public.digitaliapublishing.com/a/34418
942 _cCF
999 _c62168
_d62168